LIBRARY & INFORMATION CENTRE, KCAET, TAVANUR

ONLINE PUBLIC ACCESS CATALOGUE (OPAC)

Mechanics / (Record no. 10244)

MARC details
000 -LEADER
fixed length control field 00414cam a2200181ua 4500
041 ## - LANGUAGE CODE
Language code of text/sound track or separate title eng
082 ## - DEWEY DECIMAL CLASSIFICATION NUMBER
Classification number 531
Item number MAT/ME
100 ## - MAIN ENTRY--AUTHOR NAME
Personal name Mathur, D S .
245 ## - TITLE STATEMENT
Title Mechanics /
250 ## - EDITION STATEMENT
Edition statement 1 /
260 ## - PUBLICATION, DISTRIBUTION, ETC. (IMPRINT)
Place of publication New Delhi :
Name of publisher S.Chand and Co ,
Year of publication 1985.
300 ## - PHYSICAL DESCRIPTION
Number of Pages 818 ; .
942 ## - ADDED ENTRY ELEMENTS (KOHA)
Koha item type Books
Holdings
Withdrawn status Lost status Damaged status Home library Current library Date acquired Full call number Accession Number Koha item type
      KAUAET KAUAET 19/08/1986 531 MAT/ME 15364 Books
free website counter